La guerre d'Algérie - 2 - Statistiques

Statistiques générales
  • Ce quiz a été pris 47 fois
  • Le résultat moyen est 3 sur 15
Statistiques - réponses
Hint Réponse % Correct
Année du congrès de la Soummam 1956
74%
En quelle année a eu lieu le putsch des généraux 1961
58%
Premier président algérien post-indépendance Ahmed Ben Bella
58%
Célèbre politicien français ayant pratiqué la torture généralisée durant le conflit Jean-Marie Le Pen
42%
Signataire algérien des accords finaux Krim Belkacem
26%
Initiateur des combats et massacres dans le Constantinois en 1955 Zighoud Youcef
16%
Ligne de barrage à la frontière tunisienne Ligne Maurice
13%
Groupe politico-militaire algérien basé au Maroc Clan d'Oujda
11%
Comment appel t-on une unité de base du FLN (équivalent : compagnie) Katiba
11%
Célèbre général vietnamien qui a accueilli l'équipe du FLN en 1959 Général Giap
8%
Ligne de barrage à la frontière marocaine Ligne Challe
5%
Signataire français de ces accords Louis Joxe
5%
Bataille opposant les forces Algero-Libyenne aux français en 1957 Bataille d'Essien
3%
Premier pays non arabe à reconnaitre le GRPA Corée du Nord
3%
Conflit interne post-indépendence en Algérie Crise de l'été 1962
3%
Aucun quiz correspondant
Distribution des résultats
% des personnes avec chaque résultat
Percentile par nombre de réponses
Votre historique - résultats
Vous n’avez pas pris ce quiz